En camino con Ignacio / (Record n. 36558)

Dettagli MARC
000 -LEADER
fixed length control field 01854nam a2200301 i 4500
003 - CONTROL NUMBER IDENTIFIER
control field IT-RoINE
005 - DATE AND TIME OF LATEST TRANSACTION
control field 20220126124856.0
008 - FIXED-LENGTH DATA ELEMENTS--GENERAL INFORMATION
fixed length control field 210527s2021 sp a r 000 | spa d
020 ## - INTERNATIONAL STANDARD BOOK NUMBER
International Standard Book Number 9788429330250
040 ## - CATALOGING SOURCE
Original cataloging agency ULA
Language of cataloging spa
Transcribing agency IT-RoINE
Modifying agency IT-RoINE
100 1# - MAIN ENTRY--PERSONAL NAME
Personal name Sosa, Arturo,
Titles and other words associated with a name S.I.,
Dates associated with a name 1948-
9 (RLIN) 70856
245 10 - TITLE STATEMENT
Title En camino con Ignacio /
Statement of responsibility, etc Arturo Sosa, SJ, en conversación con Darío Menor ; prólogo de la Hna. Jolata Kafka, RMI.
260 ## - PUBLICATION, DISTRIBUTION, ETC. (IMPRINT)
Place of publication, distribution, etc Maliaño, Cantabria :
Name of publisher, distributor, etc Sal Terrae,
Date of publication, distribution, etc 2021.
300 ## - PHYSICAL DESCRIPTION
Extent 286 p. :
Other physical details il. ;
Dimensions 22 cm.
336 ## - CONTENT TYPE
Content type term Texto (visual)
Source rdacontent
337 ## - MEDIA TYPE
Source rdamedia
Media type term unmediated
338 ## - CARRIER TYPE
Source rdacarrier
Carrier type term volume
490 1# - SERIES STATEMENT
Series statement Servidores y testigos ;
Volume number/sequential designation 172
520 3# - SUMMARY, ETC.
Summary, etc En este libro, preparado con motivo del 500 aniversario de la herida que dio lugar a la conversión de san Ignacio y que abre la celebración del (S0(BAño Ignaciano(S1(B, el lector se va a encontrar las reflexiones del P. Arturo Sosa, Superior General de la Compañía de Jesús desde el año 2016, sobre el mundo de hoy, la Iglesia y la propia Compañía, con fuerte insistencia en sus Preferencias Apostólicas Universales, junto con algunas sugerencias para la reflexión y la oración personal y comunitaria. Así, en palabras del P. Sosa, el lector es invitado (S0(Ba crecer, arrancando del momento en el que se encuentra, guiado por el Señor y avanzando paso a paso (?) a hacerse también peregrino, para recorrer el camino de la aventura de ser cristiano en este mundo en cambio(S1(B
600 14 - SUBJECT ADDED ENTRY--PERSONAL NAME
Personal name Sosa, Arturo,
Titles and other words associated with a name S.I.,
Dates associated with a name 1948-
Form subdivision Entrevistas
9 (RLIN) 70859
610 #4 - SUBJECT ADDED ENTRY--CORPORATE NAME
Corporate name or jurisdiction name as entry element Jesuitas
9 (RLIN) 187
650 14 - SUBJECT ADDED ENTRY--TOPICAL TERM
Topical term or geographic name as entry element Vida cristiana
9 (RLIN) 3153
700 1# - ADDED ENTRY--PERSONAL NAME
Personal name Menor Torres, Darío,
Dates associated with a name 1982-
9 (RLIN) 70857
700 1# - ADDED ENTRY--PERSONAL NAME
Personal name Kafka, Jolanta
9 (RLIN) 70858
740 0# - ADDED ENTRY--UNCONTROLLED RELATED/ANALYTICAL TITLE
Uncontrolled related/analytical title Arturo Sosa, S.J. : en conversación con Darío Menor
830 #0 - SERIES ADDED ENTRY--UNIFORM TITLE
9 (RLIN) 13585
Uniform title Servidores y testigos ;
Volume number/sequential designation 172
942 ## - ADDED ENTRY ELEMENTS (KOHA)
Item type Monografías
Dati di copia
Withdrawn status Lost status Damaged status Not for loan Home library Current library Date acquired Total Checkouts Full call number Barcode Date last seen Price effective from Koha item type
        Iglesia Nacional Española en Roma Iglesia Nacional Española en Roma 26/01/2022   BIO 2772 64155 26/01/2022 26/01/2022 Monografías